| 000 | 00513nam a2200193Ia 4500 | ||
|---|---|---|---|
| 005 | 20240823044242.0 | ||
| 008 | 240823s9999||||xx |||||||||||||| ||und|| | ||
| 020 | _a81-314-0032-8 | ||
| 041 | _aENGLISH | ||
| 082 | _A658 P5 | ||
| 100 | _aICFAI | ||
| 245 | 0 | _aManagerial Effectiveness : Managing the Self and others | |
| 250 | _a1st | ||
| 260 |
_c2005 _bThe ICFAI University _aHyderabad |
||
| 500 | _aTRANSFERED | ||
| 650 |
_aMaragerial Effectiveness _bManagement Studies |
||
| 942 | _cBK | ||
| 999 |
_c212130 _d212130 |
||